Vista normal
Vista MARC
Entrada Corporate Name
Número de registros utilizados en: 2
001 - CONTROL NUMBER
- control field: 4175
003 - CONTROL NUMBER IDENTIFIER
- control field: DLC
005 - DATE AND TIME OF LATEST TRANSACTION
- control field: 20231018084800.0
008 - FIXED-LENGTH DATA ELEMENTS
- fixed length control field: 091203n| acannaabn |n ana c
010 ## - LIBRARY OF CONGRESS CONTROL NUMBER
- LC control number: no2009193951
035 ## - SYSTEM CONTROL NUMBER
- System control number: (OCoLC)oca08325640
040 ## - CATALOGING SOURCE
- Original cataloging agency: MX-SlUA
- Language of cataloging: spa
- Transcribing agency: Mx-PuUPA
- Modifying agency: Mx-PuUPA
- Description conventions: rda
110 2# - HEADING--CORPORATE NAME
- Corporate name or jurisdiction name as entry element: Universidad de Navarra.
- Subordinate unit: Facultad de Medicina
374 ## - OCCUPATION
- Occupation: Autor
377 ## - ASSOCIATED LANGUAGE
- Language code: spa
670 ## - SOURCE DATA FOUND
- Source citation: Diccionario de medicina, c2001:
- Information found: t.p. (Facultad de Medicina de la Universidad de Navarra)